| 000 | 00462nam a22001457a 4500 | ||
|---|---|---|---|
| 008 | 151026b xxu||||| |||| 00| 0 eng d | ||
| 020 | _a9789966465528 | ||
| 050 | _aAFR PR 9381.9 .M36 2013 | ||
| 100 |
_aMangua Charles _d2013 |
||
| 245 |
_aSon of Woman/ _cCharles Mangua |
||
| 260 |
_aNairobi, _bSpear Books, _c2013 |
||
| 300 |
_a158p.: _c18cm. |
||
| 650 | _aAfrican literature | ||
| 942 |
_2lcc _cSH_L_BOOKS _hAFR PR 9381.9 .M36 2013 _09 |
||
| 999 |
_c9396 _d9396 |
||